000 02269nam a2200397 a 4500
001 ebr10286186
003 CaPaEBR
006 m u
007 cr cn|||||||||
008 090930s2009 dcua sb 100 0 eng d
020 _z9780309127493
020 _z0309127491
040 _aCaPaEBR
_cCaPaEBR
035 _a(OCoLC)649900747
050 1 4 _aRA393
_b.I57 2009eb
110 2 _aInstitute of Medicine (U.S.).
_bForum on the Science of Health Care Quality Improvement and Implementation.
245 1 0 _aToward health equity and patient-centeredness
_h[electronic resource] :
_bintegrating health literacy, disparities reduction, and quality improvement : workshop summary /
_cSamantha Chao, Karen Anderson, and Lyla Hernandez, rapporteurs ; Forum on the Science of Health Care Quality Improvement and Implementation, Roundtable on Health Disparities, Roundtable on Health Literacy, Board on Health Care Services, Board on Population Health and Public Health Practice, Institute of Medicine of the National Academies.
260 _aWashington, D.C. :
_bNational Academies Press,
_c2009.
300 _axvi, 85 p. :
_bill.
504 _aIncludes bibliographical references (p. 75-77).
533 _aElectronic reproduction.
_bPalo Alto, Calif. :
_cebrary,
_d2013.
_nAvailable via World Wide Web.
_nAccess may be limited to ebrary affiliated libraries.
650 0 _aHealth services accessibility
_vCongresses.
650 0 _aEquality
_xHealth aspects
_vCongresses.
650 0 _aPublic health administration
_vCongresses.
650 0 _aMedical policy
_xSocial aspects
_vCongresses.
650 0 _aMedical care
_xQuality control.
655 7 _aElectronic books.
_2local
700 1 _aChao, Samantha.
700 1 _aAnderson, Karen,
_d1948-
700 1 _aHernandez, Lyla M.
710 2 _aInstitute of Medicine (U.S.).
_bPlanning Committee for a Workshop on Promoting Health Quality: Quality Improvement in Underserved Populations and Areas.
710 2 _aInstitute of Medicine (U.S.).
_bRoundtable on Health Disparities.
710 2 _aInstitute of Medicine (U.S.).
_bRoundtable on Health Literacy.
710 2 _aebrary, Inc.
856 4 0 _uhttp://site.ebrary.com/lib/rucke/Doc?id=10286186
_zAn electronic book accessible through the World Wide Web; click to view
999 _c2075
_d2075